Teoría general de la composición del litigio /
Guardado en:
| Autor principal: | |
|---|---|
| Formato: | Libro |
| Idioma: | Español |
| Publicado: |
México :
Porrúa : UNAM, Facultad de Derecho,
2003, c2003
|
| Temas: | |
| Etiquetas: |
Sin etiquetas, Sé el primero en etiquetar este registro!
|
MARC
| LEADER | 00000nam^a2200000^a^4500 | ||
|---|---|---|---|
| 001 | 000161188 | ||
| 005 | 20250521000000.0 | ||
| 009 | 20260310100748.56 | ||
| 020 | |a 970-07-3791-8 | ||
| 037 | |a Acervo ITESO - Biblioteca | ||
| 041 | |a ESP | ||
| 082 | |a 347. 001 |b FLO | ||
| 100 | |a Flores García, Fernando |e (autor) | ||
| 245 | 1 | 0 | |a Teoría general de la composición del litigio / |c F. Flores García. |
| 264 | 4 | |a México : |b Porrúa : |b UNAM, Facultad de Derecho, |c 2003, c2003 | |
| 300 | |a XLVII, 664 p. | ||
| 336 | |a texto |b txt |2 rdacontenido | ||
| 337 | |a sin mediación |b n |2 rdamedio | ||
| 338 | |a volumen |b nc |2 rdasoporte | ||
| 649 | |a XX | ||
| 650 | |a Litigios - |x Teoría | ||
| 650 | |a Ministerio Público - |z México | ||
| 650 | |a Representación (Derecho) - |x Teoría | ||
| 650 | |a Procedimientos Civiles - |x Teoría | ||
| 650 | |a Derecho Procesal Penal - |x Teoría | ||
| 650 | |a Derecho Procesal - |x Teoría | ||
| 650 | |a Derecho Penal - |x Teoría | ||
| 650 | |a Derecho Público | ||
| 910 | |a Fondo General | ||
| 920 | |a Impresos - Libros | ||
| 930 | |a Colección General | ||
| 905 | |a 101 | ||
| 901 | |a 0500093270 |b IT1 |c ACC |u 20250521 | ||
| 902 | |a https://opac.biblio.iteso.mx/vufind/Record/000161188 | ||